| 000 | 02091nam a2200541 i 4500 | ||
|---|---|---|---|
| 001 | 56024 | ||
| 003 | KOSZ 005 | ||
| 005 | 20220316142704.0 | ||
| 008 | 080929s2008 pl a f f |001 0 pol | ||
| 015 | _aUWD 2008/26446 | ||
| 020 | _a9788301154677 | ||
| 035 | _a991045130989705066 | ||
| 035 | _a(PL-WaBN)b22321342-48omnis_nlop | ||
| 035 | _ab22321342 | ||
| 035 | _a(OCoLC)297591673 | ||
| 035 | _axx001189382 | ||
| 035 | _a(PL)b0000002232134 | ||
| 035 | _a(EXLNZ-48OMNIS_NETWORK)9910014299905606 | ||
| 040 |
_aWA N _cWA N _dKOSZ 005/HR |
||
| 041 | 1 |
_apol _heng |
|
| 046 | _k2006 | ||
| 080 | _a004.62 | ||
| 080 | _a(075.8) | ||
| 100 | 1 |
_aLarose, Daniel T. _d(1957- ) _eAutor |
|
| 245 | 1 | 0 |
_aMetody i modele eksploracji danych / _cDaniel T. Larose ; z jęz. ang. przeł. Anna Wilbik. |
| 246 | 1 |
_iTyt. oryg.: _aData mining methods and models, _f2006 |
|
| 260 |
_aWarszawa : _bWydawnictwo Naukowe PWN, _c2008. |
||
| 300 |
_aXVI, 339, [1] s. : _bil. ; _c25 cm. |
||
| 336 |
_aTekst _btxt _2rdacontent |
||
| 337 |
_aBez urządzenia pośredniczącego _bn _2rdamedia |
||
| 338 |
_aWolumin _bnc _2rdacarrier |
||
| 380 | _aKsiążki | ||
| 388 | _a2001- | ||
| 490 | 1 | _aInformatyka - Zastosowania | |
| 504 | _aBibliogr. s. 336 i przy rozdz. Indeks. | ||
| 521 | 8 | _aDla studentów informatyki, ekonomii, zarządzania na uniwersytetach, uczelniach technicznych i ekonomicznych, wykładowców i osób prowadzących ćwiczenia z eksploracji danych i przedmiotów pokrewnych, menedżerów, dyrektorów IT, finansistów, naukowców. | |
| 650 | 7 |
_aData mining _2DBN |
|
| 650 | 7 | _aSystemy informacyjno-wyszukiwawcze | |
| 650 | 7 | _aAlgorytmy | |
| 655 | 7 |
_aPodręczniki akademickie _2DBN |
|
| 658 | _aInformatyka i technologie informacyjne | ||
| 700 | 1 |
_aWilbik, Anna _eTłumaczenie |
|
| 710 | 2 |
_aWydawnictwo Naukowe PWN _4pbl |
|
| 830 | 0 | _aInformatyka Zastosowania | |
| 856 |
_uhttp://koha.tu.koszalin.pl/cgi-bin/koha/opac-detail.pl?biblionumber=56024 _yKatalog online BPK |
||
| 942 |
_2UKD _cKS |
||
| 999 |
_c56024 _d56024 |
||